000 00278nam a2200109Ia 4500
008 220204s9999 xx 000 0 und d
082 _a338.43.01
_bBAN
100 _aBANSAL, M R
245 0 _aCapital formation in agriculture
260 _aMeerut
_bPragathi Prakashan
942 _cBK
999 _c36963
_d36963